000
00299nam a2200109Ia 4500
008
230907s9999||||xx |||||||||||||| ||und||
082
_a
620.118
_b
AGR
100
_a
Agarwal, Bhagwan D.,
_9
82988
245
0
_a
Analysis and performance of fiber composites /
300
_a
xvii, 558 pages :
942
_c
BK
999
_c
600765
_d
600765